Utrecht players since 2000 - Statistics

General Stats
  • This quiz has been taken 3 times
    2 since last reset
  • The average score is 155 of 289
Answer Stats
Ranking Player Positions Nationality Matches Goals Assists Periods % Correct
62 Anastasios Douvikas FW 68 28 7 2021-2024
100%
65 Can Bozdogan MF, FW 64 5 7 2022-2025
100%
46 David Jensen GK 86 0 1 2016-2019
100%
127 David Min MF, FW 27 3 0 2024-2025
100%
173 Matisse Didden DF 16 0 0 2024-2025
100%
256 Michael Brouwer GK 3 0 0 2024-2025
100%
146 Miguel Rodríguez MF, FW 22 7 3 2024-2025
100%
11 Mike van der Hoorn DF 151 7 5 2011-2012, 2021-2025
100%
212 Miliano Jonathans MF, FW 8 0 0 2024-2025
100%
55 Nick Viergever DF 77 6 1 2022-2025
100%
19 Othman Boussaid MF, FW 126 10 15 2018-2019, 2020-2024
100%
113 Paxten Aaronson DF, MF, FW 33 8 4 2024-2025
100%
120 Quinten Timber MF 31 2 3 2021-2022
100%
116 Ryan Flamingo DF, MF 32 2 1 2023-2024
100%
35 Sébastien Haller FW 98 4 1 2014-2016, 2024-2025
100%
95 Sofyan Amrabat DF, MF 42 0 0 2014-2017
100%
66 Souffian El Karouani DF, MF 63 2 11 2023-2025
100%
41 Vasilios Barkas GK 92 0 0 2022-2025
100%
61 Victor Jensen MF, FW 69 10 7 2022-2025
100%
136 Yoann Cathline MF, FW 25 6 5 2024-2025
100%
72 Zakaria Labyad MF, FW 59 1 1 2016-2017, 2022-2024
100%
176 Abass Issah FW 15 2 0 2019-2020
50%
156 Abdelhali Chaiat FW 19 0 0 2002-2004
50%
52 Adam Maher MF 80 6 12 2019-2022
50%
86 Adam Sarota MF 48 0 0 2010-2015
50%
177 Adil Ramzi MF, FW 15 0 0 2005-2006
50%
143 Adrian Blake MF, FW 22 4 3 2023-2025
50%
109 Adrián Dalmau FW 35 8 0 2019-2022
50%
268 Albert Lottin MF, FW 1 0 0 2022-2023
50%
238 Aleksandar Bjelica DF, MF 4 0 0 2013-2014
50%
98 Alexander Gerndt FW 40 0 0 2011-2013
50%
191 Alfons Groenendijk MF 13 0 0 2000-2001
50%
118 Ali Boussaboun FW 31 0 0 2006-2007, 2008-2009
50%
4 Alje Schut DF 186 0 0 2000-2004, 2006-2012
50%
148 Alonzo Engwanda MF 21 0 0 2024-2025
50%
203 Amin Younes MF, FW 10 0 2 2022-2023
50%
92 Andreas Ludwig MF 43 0 0 2015-2017
50%
57 Anouar Kali MF, FW 73 0 0 2010-2012, 2014-2015, 2017-2018
50%
149 Anthony Descotte MF, FW 21 3 0 2022-2025
50%
75 Arco Jochemsen MF 57 0 0 2001-2003
50%
131 Arno Arts MF 26 0 0 2001-2003
50%
204 Arthur Zagre DF 10 1 0 2021-2023
50%
260 Atilla Yıldırım FW 2 0 0 2010-2011
50%
181 Azubuike Oliseh DF, MF 14 0 0 2000-2002
50%
84 Barry Maguire DF, MF 50 0 0 2008-2011
50%
17 Bart Ramselaar MF, FW 130 19 6 2014-2016, 2019-2024
50%
144 Bas Dost FW 22 9 2 2022-2023
50%
182 Bas van den Brink DF 14 0 0 2003-2004
50%
227 Ben Aissa Ben Amar DF, MF 5 0 1 2020-2022
50%
247 Bilal Ould-Chikh MF, FW 3 0 0 2017-2018
50%
161 Bob Schepers MF, FW 18 0 0 2012-2014
50%
222 Cedric Badjeck FW 6 0 0 2011-2015
50%
29 Cedric van der Gun MF, FW 101 0 0 2006-2008, 2011-2014
50%
206 Christian Dorda DF 9 0 0 2013-2014
50%
82 Christian Kum DF 51 0 0 2014-2016
50%
99 Cyriel Dessers FW 40 3 0 2017-2019
50%
165 Daan Bovenberg DF 17 0 0 2011-2013
50%
183 Daishawn Redan MF, FW 14 1 0 2022-2023
50%
239 Daniel Arzani MF 4 0 1 2020-2021
50%
248 Danny Koevermans FW 3 0 0 2013-2014
50%
192 Danny Verbeek MF, FW 13 0 0 2014-2015
50%
193 Dario Đumić DF 13 0 0 2017-2018
50%
60 Darl Douglas MF, FW 69 0 0 2004-2007
50%
240 Darren Rosheuvel DF, MF 4 0 0 2014-2017
50%
53 Dave Bulthuis DF 80 0 0 2010-2014
50%
269 Dave Van Den Berg MF 1 0 0 2021-2022
50%
5 Dave van den Bergh MF, FW 184 0 0 2000-2006
50%
90 David Di Tommaso DF 44 0 0 2004-2006
50%
209 Dennis van der Ree DF 8 0 0 2000-2002
50%
249 Derensili Fernandes MF, FW 3 0 0 2022-2023
50%
31 Dirk Kuyt DF, MF, FW 100 0 0 2000-2003
50%
63 Django Warmerdam DF, MF 65 1 4 2020-2023
50%
151 Djevencio van der Kust DF, MF 20 0 0 2021-2023
50%
132 Donny de Groot FW 26 0 0 2001-2002, 2003-2004
50%
64 Dries Mertens MF, FW 65 0 0 2009-2011
50%
96 Dwight Tiendalli DF 41 0 0 2004-2007
50%
32 Édouard Duplan MF, FW 100 0 0 2010-2015
50%
38 Edson Braafheid DF 93 0 0 2003-2006, 2016-2018
50%
152 Eljero Elia MF, FW 20 2 0 2020-2021
50%
223 Elroy Pappot MF 6 0 0 2012-2014
50%
157 Emil Bergström DF 19 1 1 2018-2021
50%
205 Enzio Boldewijn DF, FW 10 0 0 2011-2012
50%
128 Eric Oelschlägel GK 27 0 0 2020-2022
50%
250 Erik Cummins GK 3 0 0 2011-2012
50%
83 Erik Pieters DF, MF 51 0 0 2006-2008
50%
178 Erixon Danso MF, FW 15 0 0 2008-2011
50%
270 Eros Maddy DF, FW 1 0 0 2021-2022
50%
18 Etienne Shew-Atjon DF 128 0 0 2000-2009
50%
251 Evert Brouwers FW 3 0 0 2010-2011
50%
170 Fabian de Keijzer GK 16 0 0 2021-2023
50%
252 Fernando Quesada MF 3 0 0 2013-2014
50%
228 Filip Bednarek GK 5 0 0 2015-2016
50%
39 Francis Dickoh DF 93 0 0 2006-2010
50%
129 Franck Grandel GK 27 0 0 2005-2008
50%
93 Frank Demouge FW 43 0 0 2010-2012
50%
261 Frank van der Zwan FW 2 0 0 2009-2010
50%
194 Gatito Fernández GK 13 0 0 2011-2012
50%
73 Gévero Markiet DF 58 0 0 2008-2009, 2010-2015
50%
100 Gianluca Nijholt MF 40 0 0 2007-2008, 2009-2011
50%
68 Giovanni Troupée DF 60 0 1 2015-2021
50%
88 Giuseppe Rossini FW 46 0 0 2005-2008
50%
33 Gregoor van Dijk MF 100 0 0 2006-2010
50%
207 Gregory Schaken MF, FW 9 0 0 2007-2009
50%
215 Gyliano van Velzen MF, FW 7 0 0 2013-2015
50%
13 Gyrano Kerk FW 142 26 19 2014-2015, 2016-2022
50%
23 Hans Somers MF 117 0 0 2004-2010
50%
77 Hans van de Haar FW 56 0 0 2003-2005
50%
36 Harald Wapenaar GK 97 0 0 2000-2003
50%
210 Henk Veerman FW 8 1 0 2021-2022
50%
42 Hidde ter Avest DF, MF 91 3 6 2020-2024
50%
229 Hugo Novoa DF, MF, FW 5 0 0 2023-2024
50%
48 Igor Gluščević FW 84 0 0 2000-2003
50%
271 Ingmar Maayen MF 1 0 0 2007-2008
50%
272 Irfan Bachdim MF, FW 1 0 0 2007-2008
50%
153 Isac Lidberg MF, FW 20 4 3 2023-2024
50%
166 Ismo Vorstermans DF 17 0 0 2010-2012
50%
224 Issa Kallon MF, FW 6 0 0 2014-2016
50%
74 Jacob Lensky DF, MF 58 0 0 2009-2012
50%
40 Jacob Mulenga FW 93 0 0 2009-2014
50%
273 Jahri Valentijn DF 1 0 0 2007-2008
50%
21 Jan Wuytens DF 119 0 0 2009-2013
50%
112 Jean-Christophe Bahebeck MF, FW 33 6 3 2017-2020
50%
3 Jean-Paul de Jong MF 191 0 0 2000-2007
50%
158 Jeff Hardeveld DF, MF 19 0 0 2014-2015, 2016-2017
50%
274 Jelle de Lange DF 1 0 0 2014-2015
50%
14 Jens Toornstra MF, FW 138 6 14 2012-2014, 2022-2025
50%
230 Jeppe Okkels MF, FW 5 0 1 2023-2024
50%
253 Jeredy Hilterman FW 3 0 0 2020-2021
50%
201 Jeroen Verhoeven GK 11 0 0 2012-2015
50%
216 Jeroen Zoet GK 7 0 0 2019-2020
50%
275 Jesse van de Haar FW 1 0 0 2023-2024
50%
76 Johan Mårtensson MF 57 0 0 2011-2014
50%
254 Jonas Arweiler FW 3 1 0 2019-2020
50%
24 Joost Broerse DF, MF 117 0 0 2003-2008
50%
87 Joost Terol GK 48 0 0 2003-2006
50%
262 Jordy van der Winden DF 2 0 0 2013-2014
50%
79 Jordy Zuidam MF 55 0 0 2002-2005
50%
34 Joris van Overeem MF, FW 98 5 4 2018-2022
50%
184 Juan Agudelo MF, FW 14 0 0 2013-2014
50%
94 Justin Hoogma DF, MF 42 2 1 2019-2021
50%
276 Justin Lonwijk MF, FW 1 0 0 2019-2020
50%
70 Kai Heerings DF, MF 59 0 0 2011-2015
50%
67 Karim Touzani MF 61 0 0 2000-2004
50%
159 Kees van Buuren DF 19 0 0 2005-2009
50%
277 Kenny Teijsse DF 1 0 0 2013-2014
50%
241 Ken van Mierlo MF 4 0 0 2009-2010
50%
135 Kevin Conboy DF 25 0 0 2015-2017
50%
185 Kevin Strootman MF 14 0 0 2010-2011
50%
145 Kevin Vandenbergh FW 22 0 0 2007-2008, 2009-2010
50%
263 Khalid Sinouh GK 2 0 0 2009-2011
50%
231 Kolbeinn Finnsson DF 5 0 0 2024-2025
50%
106 Kristoffer Peterson MF, FW 36 1 0 2014-2016, 2019-2020
50%
278 Lamine Sané DF, MF 1 0 0 2019-2020
50%
232 Lars Veldwijk FW 5 0 0 2011-2012
50%
167 Leen van Steensel DF 17 0 0 2004-2006
50%
102 Leon de Kogel FW 38 0 0 2010-2015
50%
123 Leon Guwara DF 28 0 2 2018-2021
50%
58 Leroy George MF, FW 73 0 0 2006-2010
50%
49 Loïc Loval MF, FW 83 0 0 2006-2011
50%
202 Louis Nganioni DF 11 0 0 2015-2016
50%
171 Lucian Sânmărtean MF 16 0 0 2006-2009
50%
104 Lukas Görtler MF, FW 37 0 1 2017-2019
50%
137 Luuk Brouwers MF 24 0 1 2022-2023
50%
91 Maarten Paes GK 44 0 0 2018-2022
50%
80 Marc-Antoine Fortuné FW 53 0 0 2005-2007
50%
172 Marcus Nilsson DF 16 0 0 2011-2013
50%
279 Marinus Dijkhuizen FW 1 0 0 2000-2001
50%
97 Mark Diemers MF, FW 41 0 0 2013-2016
50%
1 Mark van der Maarel DF 338 3 5 2009-2024
50%
162 Marouan Azarkan MF, FW 18 0 1 2023-2024
50%
186 Mateusz Klich MF 14 0 0 2017-2018
50%
179 Mats Seuntjens MF, FW 15 1 1 2023-2024
50%
187 Matthieu Delpierre DF 14 0 0 2013-2014
50%
233 Mattijs Branderhorst GK 5 0 0 2023-2024
50%
255 Matty Willock MF 3 0 0 2017-2018
50%
280 Mees Rijks FW 1 0 0 2021-2022
50%
242 Menno Koch DF 4 0 0 2016-2017
50%
168 Michael Lamey DF 17 0 0 2003-2004
50%
195 Michael Mols FW 13 0 0 2004-2005
50%
43 Michael Silberbauer MF 90 0 0 2008-2011
50%
111 Michael Zullo DF, FW 34 0 0 2010-2013
50%
16 Michel Vorm GK 137 0 0 2006-2012
50%
211 Michiel Kramer FW 8 1 1 2018-2019
50%
51 Mihai Neșu DF 81 0 0 2008-2011
50%
234 Mike van der Kooy DF 5 0 0 2007-2008
50%
89 Mimoun Mahi MF, FW 45 11 6 2020-2023
50%
133 Mitchell van der Gaag DF 26 0 0 2000-2001
50%
281 Mitchell van Rooijen MF 1 0 0 2019-2020
50%
107 Modibo Sagnan DF 36 2 0 2022-2024
50%
235 Mohamed Mallahi MF, FW 5 1 0 2021-2022
50%
197 Morten Skoubo FW 12 0 0 2008-2009
50%
78 Moussa Sylla MF, FW 56 7 5 2020-2023
50%
56 Nacer Barazite MF, FW 75 0 0 2014-2017
50%
28 Nana Akwasi Asare DF, MF 103 0 0 2009-2013
50%
198 Naoki Maeda MF, FW 12 0 0 2021-2023
50%
199 Nassir Maachi FW 12 0 0 2005-2007
50%
282 Nazjir Held DF 1 0 0 2023-2024
50%
257 Nick de Jong FW 3 0 0 2008-2009
50%
236 Nick Kuipers DF 5 0 0 2007-2008
50%
283 Nick Marsman GK 1 0 0 2017-2018
50%
138 Nick Venema FW 24 5 0 2016-2020
50%
119 Nicolas Gavory DF, MF 31 1 5 2018-2019
50%
169 Niklas Vesterlund DF 17 1 2 2023-2025
50%
141 Noah Ohio FW 23 5 0 2024-2025
50%
243 Odysseus Velanas MF, FW 4 0 0 2017-2018, 2020-2021
50%
124 Ole Romeny MF, FW 28 3 0 2023-2025
50%
71 Oscar Fraulo MF 59 5 7 2023-2025
50%
180 Oussama Tannane MF, FW 15 1 3 2018-2019
50%
22 Pascal Bosschaart DF, MF 118 0 0 2000-2004
50%
101 Patrick Joosten MF, FW 39 0 0 2015-2016, 2019-2020
50%
20 Patrick Zwaanswijk DF 121 0 0 2000-2004
50%
105 Paulus Roiha FW 37 0 0 2001-2004
50%
114 Peter Kopteff MF 33 0 0 2006-2008
50%
217 Pontus Almqvist MF, FW 7 0 0 2021-2022
50%
154 Prince Rajcomar FW 20 0 0 2004-2005
50%
208 Rafael Uiterloo FW 9 0 0 2008-2009
50%
244 Ramon Hendriks DF 4 0 0 2022-2023
50%
25 Ramon Leeuwin DF, MF 112 0 0 2014-2019
50%
218 Randy Wolters MF, FW 7 0 0 2007-2008
50%
147 Reinier Robbemond MF 22 0 0 2000-2001
50%
160 Remco Balk MF, FW 19 0 1 2020-2022
50%
81 René Ponk GK 52 0 0 2001-2005
50%
121 Richairo Živković FW 31 0 0 2016-2017
50%
125 Richal Leitoe MF, FW 28 0 0 2003-2005
50%
27 Rick Kruys MF 104 0 0 2003-2008
50%
284 Rick Meissen DF 1 0 0 2021-2022
50%
69 Ricky van Wolfswinkel MF, FW 60 0 0 2009-2011
50%
45 Rico Strieder MF 87 0 0 2015-2020
50%
200 Riechedly Bazoer DF, MF 12 3 1 2018-2019
50%
15 Robbin Ruiter GK 138 0 0 2012-2017
50%
108 Robert Roest DF 36 0 0 2001-2003
50%
50 Robin Nelisse FW 83 0 0 2005-2008
50%
130 Robin van der Meer DF 27 0 0 2016-2018
50%
163 Rob van Dijk GK 18 0 0 2011-2012
50%
225 Rocco Shein MF 6 0 0 2021-2023
50%
245 Rodney Antwi FW 4 0 0 2014-2015
50%
285 Rodney Cairo MF 1 0 0 2000-2001
50%
142 Rodney Sneijder MF 23 0 0 2011-2012
50%
246 Romano van der Stoep FW 4 0 0 2012-2014
50%
188 Ruben Kluivert DF 14 0 0 2021-2023
50%
219 Ruben Ligeon DF, MF 7 0 0 2015-2016
50%
103 Rubio Rubin FW 38 0 0 2014-2017
50%
174 Ruud Berger FW 16 0 0 2000-2001
50%
139 Ruud Boymans FW 24 0 0 2014-2016
50%
213 Samir El Gaaouiri MF 8 0 0 2004-2005
50%
164 Sam Lammers MF, FW 18 10 3 2023-2024
50%
8 Sander Keller DF 166 0 0 2003-2011
50%
7 Sander van de Streek MF, FW 176 37 10 2017-2023
50%
150 Sandro Calabro MF, FW 21 0 0 2003-2005
50%
10 Sean Klaiber DF, MF 152 8 13 2013-2020, 2022-2024
50%
122 Siebe Horemans DF 29 1 4 2024-2025
50%
265 Silas Andersen MF 2 0 0 2023-2025
50%
140 Simon Cziommer MF 24 0 0 2008-2009
50%
37 Simon Gustafson MF, FW 96 19 14 2018-2022
50%
226 Simon Makienok FW 6 1 0 2018-2020
50%
286 Soufian Moro MF 1 0 0 2012-2013
50%
9 Stefaan Tanghe MF 160 0 0 2000-2006
50%
237 Stefano Lilipaly MF 5 0 0 2011-2012
50%
117 Steve De Ridder MF, FW 32 0 0 2013-2014
50%
47 Stijn Vreven DF 85 0 0 2000-2003
50%
258 Sylian Mokono DF 3 0 1 2020-2022
50%
287 Sylla Sow FW 1 0 0 2017-2018
50%
288 Tafari Moore DF 1 0 0 2016-2017
50%
85 Taylor Booth MF, FW 50 7 4 2022-2025
50%
259 Thijmen Nijhuis GK 3 0 0 2020-2021
50%
266 Thijs van Hofwegen DF 2 0 0 2013-2014
50%
134 Tibor Dombi MF 26 0 0 2000-2002
50%
6 Tim Cornelisse DF 180 0 0 2004-2011
50%
267 Tim Handwerker DF, MF 2 0 0 2023-2024
50%
44 Timo Letschert DF, MF 88 2 1 2014-2015, 2018-2019
50%
175 Timothy Derijck DF, MF 16 0 0 2013-2014
50%
26 Tom Caluwé MF 105 0 0 2005-2009
50%
30 Tommy Oar MF, FW 101 0 0 2010-2015
50%
126 Tommy St. Jago DF 28 0 0 2019-2022
50%
59 Tom Van Mol DF, MF 72 0 0 2000-2004
50%
189 Toshiya Fujita MF, FW 14 0 0 2003-2004
50%
54 Urby Emanuelson DF, MF, FW 78 4 6 2017-2021
50%
196 Václav Černý MF, FW 13 0 0 2019-2020
50%
220 Vito Wormgoor DF 7 0 0 2008-2009
50%
155 Wesley de Ruiter GK 20 0 0 2007-2009
50%
2 Willem Janssen DF, MF 217 10 0 2013-2022
50%
190 Wout Brama MF 14 0 0 2016-2017
50%
221 Yannick Cortie DF 7 0 0 2014-2016
50%
214 Yannick Leliendal DF 8 0 0 2023-2024
50%
12 Yassin Ayoub MF, FW 146 0 0 2012-2018
50%
115 Yoshiaki Takagi MF 33 0 0 2011-2014
50%
289 Zakaria Amrani MF 1 0 0 2010-2011
50%
110 Zidane Iqbal MF 35 1 0 2023-2025
50%
264 Liivo Leetma MF 2 0 0 2007-2008
0%
No matching quizzes found
Score Distribution
Percent of People with Each Score
Percentile by Number Answered
Your Score History
You have not taken this quiz since the last reset